[Event "Eastern op 45th"]
[Site "Tysons"]
[Date "2018.12.30"]
[Round "6"]
[White "De Fotis, Gary"]
[Black "Webster, Scott"]
[Result "0-1"]
[WhiteElo "1993"]
[BlackElo "1992"]
[PlyCount "44"]
[EventDate "2018.12.27"]
[EventType "swiss"]
[EventRounds "7"]
[EventCountry "USA"]
[SourceTitle "CBM 188 Extra"]
[Source "ChessBase"]
[SourceDate "2019.02.26"]
[SourceVersion "1"]
[SourceVersionDate "2019.02.26"]
[SourceQuality "1"]

1. d4 Nf6 2. c4 g6 3. g3 Bg7 4. Bg2 d5 5. cxd5 Nxd5 6. e4 Nb6 7. Ne2 0-0 8. 0-0 Nc6 9. d5 Na5 10. Nbc3 c6 11. Qd3 cxd5 12. exd5 Nac4 13. Rd1 Bf5 14. Be4 Ne5 15. Qc2 Bg4 16. f4 Nec4 17. Rb1 Nd7 18. Qb3 Nd6 19. Re1 Nc5 20. Qc2 Ncxe4 21. Nxe4 Nxe4 22. Qxe4 Bf5 0-1

[Event "Eastern op 45th"]
[Site "Tysons"]
[Date "2018.12.29"]
[Round "5"]
[White "Webster, Scott"]
[Black "Samuelson, Andrew"]
[Result "1/2-1/2"]
[WhiteElo "1992"]
[BlackElo "2175"]
[PlyCount "102"]
[EventDate "2018.12.27"]
[EventType "swiss"]
[EventRounds "7"]
[EventCountry "USA"]
[SourceTitle "CBM 188 Extra"]
[Source "ChessBase"]
[SourceDate "2019.02.26"]
[SourceVersion "1"]
[SourceVersionDate "2019.02.26"]
[SourceQuality "1"]

1. Nf3 Nf6 2. c4 g6 3. g3 Bg7 4. Bg2 0-0 5. 0-0 c5 6. d4 cxd4 7. Nxd4 Nc6 8. Nc3 Nxd4 9. Qxd4 d6 10. Qd3 a6 11. Bg5 Rb8 12. Rfd1 Be6 13. Nd5 Bxd5 14. cxd5 Qd7 15. Qb3 Rfc8 16. Rac1 Rxc1 17. Rxc1 Rc8 18. Qd1 h6 19. Rxc8+ Qxc8 20. Qc1 Qf5 21. Bxf6 Bxf6 22. e3 Kg7 23. b3 Qd3 24. Bf3 b5 25. Kg2 Bc3 26. a4 b4 27. Qf1 Qc2 28. Qd1 Qb2 29. Be2 a5 30. Bd3 f5 31. Qc2 Kf6 32. Qxb2 Bxb2 33. f4 e5 34. Bb5 g5 35. Bd7 Bc1 36. Kf3 Bd2 37. Bc8 h5 38. Bd7 h4 39. Bc8 Be1 40. Bd7 g4+ 41. Kg2 Bd2 42. Kf2 exf4 43. exf4 h3 44. Bc8 Bc3 45. Kg1 Bd4+ 46. Kh1 Bb2 47. Bd7 Bc1 48. Bc8 Be3 49. Bd7 Bd2 50. Bc8 Bc1 51. Bd7 Be3 1/2-1/2